<?xml version="1.0" encoding="UTF-8"?><?xml-stylesheet type="text/xsl" href="static/style.xsl"?><OAI-PMH xmlns="http://www.openarchives.org/OAI/2.0/" xmlns:xsi="http://www.w3.org/2001/XMLSchema-instance" xsi:schemaLocation="http://www.openarchives.org/OAI/2.0/ http://www.openarchives.org/OAI/2.0/OAI-PMH.xsd"><responseDate>2026-06-29T02:29:27Z</responseDate><request verb="GetRecord" identifier="oai:docta.ucm.es:20.500.14352/115691" metadataPrefix="marc">https://docta.ucm.es/rest/oai/request</request><GetRecord><record><header><identifier>oai:docta.ucm.es:20.500.14352/115691</identifier><datestamp>2025-03-18T12:11:45Z</datestamp><setSpec>com_20.500.14352_14</setSpec><setSpec>col_20.500.14352_21</setSpec></header><metadata><record xmlns="http://www.loc.gov/MARC21/slim" xmlns:dcterms="http://purl.org/dc/terms/" xmlns:xsi="http://www.w3.org/2001/XMLSchema-instance" xmlns:doc="http://www.lyncode.com/xoai" xsi:schemaLocation="http://www.loc.gov/MARC21/slim http://www.loc.gov/standards/marcxml/schema/MARC21slim.xsd">
   <leader>00925njm 22002777a 4500</leader>
   <datafield ind2=" " ind1=" " tag="042">
      <subfield code="a">dc</subfield>
   </datafield>
   <datafield ind2=" " ind1=" " tag="720">
      <subfield code="a">Martín Ortí, Rosario</subfield>
      <subfield code="e">author</subfield>
   </datafield>
   <datafield ind2=" " ind1=" " tag="260">
      <subfield code="c">2004</subfield>
   </datafield>
   <datafield ind2=" " ind1=" " tag="520">
      <subfield code="a">Hasta la fecha, la bibliografía sobre la anatomía de los animales exóticos es escasa e insuficiente. Este atlas pretende llenar el vacío existente de la anatomía de estos animales exóticos, que cada vez son más frecuentes en la clínica veterinaria. Esto se debe a la demanda cada vez mayor como animales de compañía o mascotas y también a la importancia del conocimiento anatómico como pieza clave fundamental para comprender el funcionamiento del organismo. Esta parte recoge las disecciones de los diferentes aparatos de los pequeños mamíferos exóticos. En concreto aportando la morfología externa y la anatomía del sistema cardiovascular, aparato respiratorio, aparato digestivo y sistema urogenital de lagomorfos (conejo común) y roedores (cobayo doméstico y hámster dorado). Destacando la morfología y topografía de los distintos órganos.</subfield>
   </datafield>
   <datafield ind1="8" ind2=" " tag="024">
      <subfield code="a">Martin Orti, Rosario, Marín García, Pilar, Juncal González-Soriano . (2004). Atlas de Anatomia de Animales Exótico. En R. Martín Ortí, Pequeños Mamíferos (págs. 1-46). Barcelona: Masson.</subfield>
   </datafield>
   <datafield ind1="8" ind2=" " tag="024">
      <subfield code="a">84-458-1406-0</subfield>
   </datafield>
   <datafield ind1="8" ind2=" " tag="024">
      <subfield code="a">https://hdl.handle.net/20.500.14352/115691</subfield>
   </datafield>
   <datafield ind2="0" ind1="0" tag="245">
      <subfield code="a">Atlas de Anatomia de Animales Exóticos. Parte I: Pequeños Mamíferos</subfield>
   </datafield>
</record></metadata></record></GetRecord></OAI-PMH>